000 00899nam a22001575i 4500
001 166757
003 ES-MaACL
005 20230906213409.0
008 050922s1865 sp | |||||||| ||spa d
100 1 _aUcelay, Enrique.
_9133434
245 1 0 _aInforme oral pronunciado en grado de súplica por Enrique Ucelay, abogado del Ilustre Colegio de esta corte, en defensa de Zoilo Gómez Giménez y Francisco Bautista Blázquez, en la ruidosa causa instruida en el Juzgado de Piedrahita contra ellos, Marcos Llerena y consortes [sic], conocida por la de los pasiegos, por homicidio y robo a Nicolás Madrigal.
260 _aMadrid :
_b[s.n.],
_c1865 (
_fEstab. tip. de Ancos)
300 _a33 p. ;
_c21 cm.
650 4 _aAlegaciones jurídicas-
_yS. XIX.
_9135548
852 4 _aES-MaACL
_jT-89-F-14
_z- Enc. hol., falto de la enc. original
_z- Enc. en un vol. facticio
_z- Dedicatoria autógrafa del autor
999 _c166757
_d166757